Pengurusan Dan Pembahagian Harta Pusaka / (Record no. 27210)

000 -LEADER
fixed length control field 00901nam a22002417a 4500
001 - CONTROL NUMBER
control field 0000003938
003 - CONTROL NUMBER IDENTIFIER
control field PPM
005 - DATE AND TIME OF LATEST TRANSACTION
control field 20260421150654.0
008 - FIXED-LENGTH DATA ELEMENTS--GENERAL INFORMATION
fixed length control field 260421b ||||| |||| 00| 0 eng d
020 ## - INTERNATIONAL STANDARD BOOK NUMBER
International Standard Book Number 9636292764
Qualifying information Hardback
035 ## - SYSTEM CONTROL NUMBER
System control number 0000003938
040 ## - CATALOGING SOURCE
Language of cataloging Malay
Transcribing agency Pusat Penyelidikan Mineral, Jabatan Mineral Dan Geosains Malaysia
Modifying agency PPM
Description conventions RDA
082 00 - DEWEY DECIMAL CLASSIFICATION NUMBER
Edition number 22
Classification number 346.5950
Item number WAN 2006
100 1# - MAIN ENTRY--PERSONAL NAME
Personal name Wan Abdul Halim Wan Harun
Relator term author
245 10 - TITLE STATEMENT
Title Pengurusan Dan Pembahagian Harta Pusaka /
Statement of responsibility, etc. oleh Wan Abdul Halim Wan Harun
250 ## - EDITION STATEMENT
Edition statement 1st.ed
260 #1 - PUBLICATION, DISTRIBUTION, ETC.
Place of publication, distribution, etc. Kuala Lumpur :
Name of publisher, distributor, etc. Dewan Bahasa dan Pustaka,
Date of publication, distribution, etc. 2006
300 00 - PHYSICAL DESCRIPTION
Extent xviii, 531 pages .:
Other physical details illustrations .;
Dimensions 22 cm
500 ## - GENERAL NOTE
General note Mengandungi ayat-ayat dari Quran
504 ## - BIBLIOGRAPHY, ETC. NOTE
Bibliography, etc. note Mengandungi rujukan bibliografi (p.: 525 - 527) dan indeks (p.: 529 - 531 )
650 10 - SUBJECT ADDED ENTRY--TOPICAL TERM
Topical term or geographic name entry element Inheritance and succession (Islamic law)
Geographic subdivision Malaysia
942 ## - ADDED ENTRY ELEMENTS (KOHA)
Source of classification or shelving scheme
Koha item type Books
Holdings
Withdrawn status Lost status Source of classification or shelving scheme Damaged status Not for loan Collection code Permanent Location Current Location Shelving location Date acquired Total Checkouts Full call number Date last seen Koha item type
Available         Open Shelf PPM PPM Open Shelf 21/04/2026   346.5950 WAN 2006 21/04/2026 Books